000 00801cam a2200229 a 4500
001 000019156
005 20200929165933.0
008 771014s1954 sp 001 0 spa d
040 _aDO-SdBNP
_bspa
_cLC
_dBNPHU
082 _ann*
_bP438t
100 1 _aPereña Vicente, Luciano.
_941230
245 1 0 _aTeoría de la guerra en Francisco Suarez /
_cLuciano Pereña Vicente.
260 _aMadrid, (España) :
_bConsejo Superior de Investigaciones Científicas, Instituto "Francisco de Vitoria",
_c1954.
300 _av. ;
_c25 cm.
500 _aLa biblioteca sólo posee el volumen 2.
505 0 _gv. 2.
_tTexto crítico.
586 _aPremio Menendez Pelayo, 1951.
650 4 _aGuerra
_934555
650 4 _aWar (international law)
_941231
910 _aCatalogación derivada / LC
049 _aBNGR
999 _c18674
_d18674